Historia de las ciencias: desde la antigüedad hasta nuestros días

-д хадгалсан:
Номзүйн дэлгэрэнгүй
Үндсэн зохиолч: Papp, Desiderio (autor)
Формат: Ном
Хэл сонгох:англи
Хэвлэсэн: Santiago, Chile Andrés Bello
Нөхцлүүд:
Шошгууд: Шошго нэмэх
Шошго байхгүй, Энэхүү баримтыг шошголох эхний хүн болох!

MARC

LEADER 00000nam a22000007a 4500
003 CL-VaPUC
005 20230306173316.0
008 200526b ||||| |||| 00| 0 eng d
999 |c 431656  |d 431654 
020 |a 9561314382 
040 |c Pontificia Universidad Católica de Valparaíso 
082 |a 509 PAP 1996 
100 |a Papp, Desiderio  |e autor  |9 535643 
245 |a Historia de las ciencias: desde la antigüedad hasta nuestros días 
260 |a Santiago, Chile  |b Andrés Bello 
300 |a 342 páginas  
583 |c 20200526  |k Cristina Rojas 
650 |a CIENCIAS  |x HISTORIA   |9 856408 
650 |a CIENCIAS  |x FILOSOFIA   |9 856409 
852 |a BIBCUR 
942 |2 ddc  |c BK 
952 |0 0  |1 0  |2 ddc  |4 0  |6 509_000000000000000_PAP_1996  |7 0  |9 576523  |a BIBCUR  |b BIBCUR  |d 2020-05-26  |i 4194128  |l 2  |m 2  |o 509 PAP 1996  |p 4194128  |r 2025-04-22  |s 2023-10-04  |w 2020-05-26  |y BK  |k FIS